Statystyki dla ZKM Gdynia - Z

Kliknij tutaj aby rozwiązać quiz!

Ogólne statystyki

  • Ten quiz został rozwiązany 11 razy
  • Średni wynik to 14 z 35

Statystyki odpowiedzi

MiejscowośćPrzystanek% Poprawnych
ChwaszczynoCentrum
100%
GdyniaMyśliwska
83%
GdyniaArmii Krajowej
67%
GdyniaCentrum Nauki Experyment
67%
GdyniaKarwiny PKM
67%
GdyniaPlac Górnośląski
67%
GdyniaRedłowo SKM - Park Technologiczny
67%
ChwaszczynoWiejska
67%
MałkowoGdyńska
50%
ŻukowoUrząd Gminy
50%
GdyniaŹródło Marii
50%
ŻukowoDworcowa
33%
ŻukowoDworcowa
33%
GdyniaGdynia Dworzec GŁ. PKP - Hala
33%
ChwaszczynoLisia
33%
ChwaszczynoNytbusz
33%
TuchomOgrodowa
33%
ŻukowoOs. Norbertanek
33%
ŻukowoOs. Norbertanek
33%
GdyniaRdestowa - Kolonia
33%
GdyniaRewerenda
33%
ŻukowoSłoneczna
33%
TuchomStolema
33%
ChwaszczynoSynaka
33%
TuchomTęczowa
33%
GdyniaWzgórze Św. Maksymiliana SKM
33%
GdyniaBielińskiego
17%
MiszewkoBrzozowa
17%
ŻukowoDerdowskiego
17%
ŻukowoJabłoniowa
17%
ŻukowoJabłoniowa
17%
MiszewkoNowy Tuchom
17%
ChwaszczynoPolna I
17%
MiszewoPrzodkowska
17%
MiszewoRolnicza
17%

Rozkład punktacji

Percentyl według liczby udzielonych odpowiedzi

Procent ludzi z każdym wynikiem

Twoja historia wyników

Nie rozwiązałeś tego quizu